Language and linguistics: an introduction

Gardado en:
Detalles Bibliográficos
Autor Principal: Lyons, John
Formato: Libro
Idioma:Undetermined
Publicado: Londres, Inglaterra Cambridge University 1981
Materias:
Etiquetas: Engadir etiqueta
Sen Etiquetas, Sexa o primeiro en etiquetar este rexistro!

MARC

LEADER 00000nam a2200000Ia 4500
008 170316s9999 xx 000 0 und d
090 |a 410 L-23L 
100 |a Lyons, John 
245 |a Language and linguistics: an introduction 
260 |a Londres, Inglaterra 
260 |b Cambridge University 
260 |c 1981 
300 |a 356 páginas 
650 |a LINGÜÍSTICA 
999 |c 18544  |d 18544 
040 |a cru BVZT 
942 |c 15 D  |h 410 L-23L  |2 z